Boo cow / (Record no. 5069)
[ view plain ]
| 000 -LEADER | |
|---|---|
| fixed length control field | 00999nam a22003017a 4500 |
| 001 - CONTROL NUMBER | |
| control field | 5069 |
| 003 - CONTROL NUMBER IDENTIFIER | |
| control field | FISKH |
| 005 - DATE AND TIME OF LATEST TRANSACTION | |
| control field | 20260319151103.0 |
| 008 - FIXED-LENGTH DATA ELEMENTS--GENERAL INFORMATION | |
| fixed length control field | 241104b cb ||||| |||| 00| 0 eng d |
| 020 ## - INTERNATIONAL STANDARD BOOK NUMBER | |
| International Standard Book Number | 9781580892995 |
| 040 ## - CATALOGING SOURCE | |
| Original cataloging agency | FISKH |
| Language of cataloging | eng |
| Transcribing agency | FISKH |
| Modifying agency | FISKH |
| 050 ## - LIBRARY OF CONGRESS CALL NUMBER | |
| Classification number | PZ7.B1387 |
| 082 ## - DEWEY DECIMAL CLASSIFICATION NUMBER | |
| Classification number | 489 |
| 100 ## - MAIN ENTRY--PERSONAL NAME | |
| Personal name | Baehr, Patricia |
| Dates associated with a name | (1931-) |
| 245 ## - TITLE STATEMENT | |
| Title | Boo cow / |
| Statement of responsibility, etc. | Patricia Baehr Margot Apple |
| 250 ## - EDITION STATEMENT | |
| Edition statement | First paperback edition in 2012 |
| 260 ## - PUBLICATION, DISTRIBUTION, ETC. | |
| Place of publication, distribution, etc. | Watertown : |
| Name of publisher, distributor, etc. | Charlesbridge, |
| Date of publication, distribution, etc. | 2012. |
| 300 ## - PHYSICAL DESCRIPTION | |
| Extent | 30 pages : |
| Other physical details | Color illustrations ; |
| Dimensions | 23 cm |
| 505 ## - FORMATTED CONTENTS NOTE | |
| Formatted contents note | P<br/> |
| 520 ## - SUMMARY, ETC. | |
| Summary, etc. | When Mr. and Mrs. Noodleman start a chicken farm, they are terrorized by a ghostly cow that seems to be keeping the hens from laying any eggs, but upon further investigation they discover the real culprit. |
| 521 8# - TARGET AUDIENCE NOTE | |
| Target audience note | 610L<br/> |
| Source | Lexile<br/> |
| 521 8# - TARGET AUDIENCE NOTE | |
| Target audience note | P<br/> |
| Source | Raz-Plus<br/> |
| 650 ## - SUBJECT ADDED ENTRY--TOPICAL TERM | |
| Source of heading or term | Picture book |
| Topical term or geographic name entry element | Ghosts |
| 650 ## - SUBJECT ADDED ENTRY--TOPICAL TERM | |
| Source of heading or term | Animals |
| 700 ## - ADDED ENTRY--PERSONAL NAME | |
| Personal name | Apple, Margot |
| Dates associated with a name | Illustrator |
| 942 ## - ADDED ENTRY ELEMENTS (KOHA) | |
| Source of classification or shelving scheme | Dewey Decimal Classification |
| Koha item type | Books |
| Suppress in OPAC | No |
| Withdrawn status | Lost status | Source of classification or shelving scheme | Damaged status | Not for loan | Collection | Home library | Current library | Shelving location | Date acquired | Total Checkouts | Full call number | Barcode | Date last seen | Copy number | Price effective from | Koha item type |
|---|---|---|---|---|---|---|---|---|---|---|---|---|---|---|---|---|
| Dewey Decimal Classification | Fiction | Footprints International School Library Network Toul Kork Campus | Footprints International School Library Network Toul Kork Campus | TK Primary Library Room(4th Floor), Bookcase 3&4, Shelves 17-32, Yellow Books | 11/04/2024 | BAE 489 PZ7.B1387 | FISTK02434 | 11/05/2024 | 1 | 11/04/2024 | Books | |||||
| Dewey Decimal Classification | Fiction | Footprints International School Library Network Toul Tom Poung Campus | Footprints International School Library Network Toul Tom Poung Campus | TTP Primary Yellow Bookshelves | 03/19/2026 | BAE 489 PZ7.B1387 | FIS03756 | 03/19/2026 | 2 | 03/19/2026 | Books |
